| 000 | 00484nam a2200193Ia 4500 | ||
|---|---|---|---|
| 005 | 20250423101719.0 | ||
| 008 | 250422s9999 xx 000 0 und d | ||
| 020 | _a9780071621519 | ||
| 050 | _aRC 633 .H43/ | ||
| 100 | _aEdited by Kenneth Kaushansky...[et al.]. | ||
| 245 | 0 | _aWilliams hematology | |
| 250 | _a8th ed. | ||
| 260 | _aNew York | ||
| 260 | _bMcGraw-Hill | ||
| 260 | _c2011 | ||
| 300 | _a2439 p | ||
| 650 | _a Blood--Diseases. Hematology. | ||
| 942 | _cBK | ||
| 999 |
_c37060 _d37060 |
||